01320cam a22002894a 45000010009000000050017000090080041000260100017000670200020000840200028001040400018001320420008001500500032001582450136001902600060003263000033003866500035004196500038004547000027004928560089005198560079006088560104006879060045007919420034008369990017008709520143008871226706820220224092234.0001228s2001 flua 000 0 eng  a 00143876  a1558748954 (hc) a1558748946 (tradepaper) aDLCcDLCdDLC apcc00aPN6071.F3C48 2001bC48 200100aChicken soup for the father's soul :bstories to open the hearts and rekindle the spirits of fathers /cJack Canfield ... [et al.]. aDeerfield Beach, Fla. :bHealth Communications,cc2001. axvii, 365 p. :bill.c22 cm. 0aFathersvLiterary collections. 0aFatherhoodvLiterary collections.1 aCanfield, Jack,d1944-423Publisher descriptionuhttp://www.loc.gov/catdir/enhancements/fy0727/00143876-d.html413Sample textuhttp://www.loc.gov/catdir/enhancements/fy0727/00143876-s.html423Contributor biographical informationuhttp://www.loc.gov/catdir/enhancements/fy0735/00143876-b.html a7bcbccorignewd1eocipf20gy-gencatlg 2lcccBOOKShPN6071.F3C48 2001 c31165d31165 00102lcc4070aMUCbMUCcGENd2022-02-24eDonation(Damaris Kimanzi)g6984.00l0oPN6071.F3C48 2001p23843r2022-05-30w2022-02-24yBOOKS